书目信息 |
| 题名: |
微观动机与宏观行为
|
|
| 作者: | 谢林 , Schelling 著 ;谢静 , 邓子梁 , 李天有 译 | |
| 分册: | ||
| 出版信息: | 北京 中国人民大学出版社 2006 |
|
| 页数: | 230页 | |
| 开本: | 24cm | |
| 丛书名: | 当代世界学术名著 | |
| 单 册: | ||
| 中图分类: | F014.9 | |
| 科图分类: | ||
| 主题词: | 经济行为--研究 , 经济行为 | |
| 电子资源: | ||
| ISBN: | 7-300-06547-3 | |
| 000 | 01223oam2 2200325 450 | |
| 001 | 012007912342 | |
| 005 | 20070605142006.68 | |
| 010 | @a7-300-06547-3@dCNY22.00 | |
| 100 | @a20070601d2006 km y0chiy0120 ea | |
| 101 | 1 | @achi@ceng |
| 102 | @aCN@b110000 | |
| 105 | @ay z 000yy | |
| 106 | @ar | |
| 200 | 1 | @a微观动机与宏观行为@Awei guan dong ji yu hong guan xing wei@f(美)托马斯·C.谢林(Thomas C.Schelling)著@F(mei)tuo ma si·C.xie lin(Thomas C.Schelling)zhu@g谢静,邓子梁,李天有译@Gxie jing,deng zi liang,li tian you yi |
| 210 | @a北京@c中国人民大学出版社@d2006 | |
| 215 | @a230页@d24cm | |
| 225 | 2 | @a当代世界学术名著@i经济学系列 |
| 330 | @a本书探讨了个体行为所导致的令人惊奇的宏观结果,讨论宏观结果中所蕴涵的个体动机或行为,以及是否可能从观察到的宏观行为中推导出微观动机。 | |
| 461 | 0 | @12001 @a当代世界学术名著 |
| 510 | 1 | @aMicromotives and macrobehavior@zeng |
| 606 | 0 | @a经济行为@x研究 |
| 606 | 0 | @a经济行为 |
| 690 | @aF014.9@v4 | |
| 701 | 1 | @c(美)@a谢林@Axie lin@b托马斯@4著 |
| 701 | 1 | @c(美)@aSchelling@bThomas C.@4著 |
| 702 | 0 | @a谢静@Axie jing@4译 |
| 702 | 0 | @a邓子梁@Adeng zi liang@4译 |
| 702 | 0 | @a李天有@Ali tian you@4译 |
| 801 | 0 | @aCN@bRULIN@c20070605 |
| 905 | @dF014.9@e303@s14 | |
| 微观动机与宏观行为/(美)托马斯·C.谢林(Thomas C.Schelling)著/谢静,邓子梁,李天有译.-北京:中国人民大学出版社,2006 |
| 230页;24cm.-(当代世界学术名著.经济学系列) |
| ISBN 7-300-06547-3:CNY22.00 |
| 本书探讨了个体行为所导致的令人惊奇的宏观结果,讨论宏观结果中所蕴涵的个体动机或行为,以及是否可能从观察到的宏观行为中推导出微观动机。 |
| ● |
| 相关链接 |
|
|
|
|
正题名:微观动机与宏观行为
索取号:F014.9/303
 
预约/预借
| 序号 | 登录号 | 条形码 | 馆藏地/架位号 | 状态 | 备注 |
| 1 | 0581989 | 205819890 | 第一样本阅览室/ [索取号:F014.9/303] | 在馆 | |
| 2 | 0581990 | 205819907 | 第一借阅区/ [索取号:F014.9/303] | 在馆 | |
| 3 | 0581991 | 205819916 | 密集书库/ [索取号:F014.9/303] | 在馆 | |
| 4 | 0581992 | 205819925 | 密集书库/ [索取号:F014.9/303] | 在馆 | |
| 5 | 0581993 | 205819934 | 第一借阅区/ [索取号:F014.9/303] | 在馆 | |
| 6 | 0581994 | 205819943 | 第一借阅区/ [索取号:F014.9/303] | 在馆 | |
| 7 | 0581995 | 205819952 | 密集书库/ [索取号:F014.9/303] | 在馆 | |
| 8 | 0581996 | 205819961 | 第一借阅区/ [索取号:F014.9/303] | 在馆 | |
| 9 | 0581997 | 205819970 | 密集书库/ [索取号:F014.9/303] | 在馆 | |
| 10 | 0581998 | 205819989 | 密集书库/ [索取号:F014.9/303] | 在馆 | |
| 11 | 0581999 | 205819998 | 密集书库/ [索取号:F014.9/303] | 在馆 | |
| 12 | 0582000 | 205820003 | 密集书库/ [索取号:F014.9/303] | 在馆 | |
| 13 | 0582001 | 205820012 | 密集书库/ [索取号:F014.9/303] | 在馆 | |
| 14 | 0582002 | 205820021 | 第一借阅区/ [索取号:F014.9/303] | 在馆 |